000 00670nam a22002291a 4500
999 _c3562
_d3562
001 3562
003 BD-JhCC
005 20201208134019.0
008 171114s2008 ben |||| ||a| 000 0 ben d
020 _a9848683399
035 _a(BD-JhCC)3562
040 _aBD-JhCC
_dBD-JhCC
041 _aben
082 _a891.4415
_bRAH 2008
100 _aরহমান, শামসুর
245 _aনির্বাচিত ১০০ কবিতা /
_cশামসুর রহমান
260 _aঢাকা :
_bঅন্যপ্রকাশ,
_c২০০৮.
300 _a199 p. :
_c21 cm.
650 _aSelective Poems
942 _2ddc
_cBK
_02